• 首页
  • 本馆介绍
  • 公告通知
  • 最新文献
  • 馆藏检索
  • 电子资源
  • 读者导购
  • 参考咨询
  • 我的图书馆
  • 登录
  • 详细信息显示
  • 放入我的书架
  • 预约/预借图书
  • 作者相关作品
  • 分类相关作品
  • 丛书相关作品
  • 出版社相关作品

书目信息

  • 表格格式
  • 工作单格式
  • 卡片格式
书名: Developmental mathematics for college students
作者: Alan S. Tussy, R. David Gustafson.
分册号:
分册名:
出版地: Pacific Grove, Calif. :
 
出版社: Brooks/Cole-Thomson Learning
出版时间: c2002.
页数: xxiv, 984 p. :
开本: 28 cm. +
丛书名:
中图分类号:
科图分类号:
其他分类号: O1
主题词:
电子资源:
000 00982cam a2200325 a 4500
001 E0738422677
003 CAL
005 20070707104306.62
008 010515s2002 caua 001 0 eng
010    @a 2001035840
020    @a0534436013 (pbk. : alk. paper).
020    @a053438031X (pbk. : alk. paper).
040    @aDLC@cDLC@dDLC
042    @apcc
050 00 @aQA39.3@b.T88 2002
082 00 @a510@221
090    @aO1
093    @aO1@24
099    @dO1@ex19
100 1  @aTussy, Alan S.,@d1951-
245 10 @aDevelopmental mathematics for college students / @cAlan S. Tussy, R. David Gustafson.
260    @aPacific Grove, Calif. :@bBrooks/Cole-Thomson Learning,@cc2002.
300    @axxiv, 984 p. :@bill. (some col.) ;@c28 cm. +@e1 computer optical disc (4 3/4 in.).
500    @aIncludes index.
650  0 @aMathematics.
700 1  @aGustafson, R. David@q(Roy David),@d1936-
920    @a211010@z1
920    @a222010@z1
920    @a211162@z1
998    @aPUL
    
    Developmental mathematics for college students / / Alan S. Tussy, R. David Gustafson.-Pacific Grove, Calif. : : Brooks/Cole-Thomson Learning, , c2002.
    xxiv, 984 p. : : ill. (some col.) ; ; 28 cm. + + 1 computer optical disc (4 3/4 in.).
    Includes index.
    
    ISBN 0534436013 (pbk. : alk. paper).
    
●
相关链接 在E读中查询图书 在五车中查询图书 在当当中查询图书 在豆瓣中查询图书


正题名:Developmental mathematics for college students     索取号:O1/x19         预约/预借

序号 登录号 条形码 馆藏地/架位号 状态 备注
1 0010986   300109861   第二样本阅览室/ [索取号:O1/x19] 在馆    
2 0010987   300109870   第四借阅区/ [索取号:O1/x19] 在馆    
3 0010988   300109889   第四借阅区/ [索取号:O1/x19] 在馆    
4 11370   300113703   第四借阅区/ [索取号:O1/x19] 在馆    
唐山师范学院图书馆 欢迎您!
大连网信软件有限公司© 版权所有